Reading for meaning: a course in reading skills. (Record no. 107948)

MARC details
000 -LEADER
fixed length control field 00412nam a2200145Ia 4500
008 - FIXED-LENGTH DATA ELEMENTS--GENERAL INFORMATION
fixed length control field 210210b2006 xxu||||| |||| 00| 0 eng d
020 ## - INTERNATIONAL STANDARD BOOK NUMBER
International Standard Book Number 81 219 1153 2
082 ## - DEWEY DECIMAL CLASSIFICATION NUMBER
Classification number 428.4 TICR
100 ## - MAIN ENTRY--PERSONAL NAME
Personal name TICKOO (M L) and GUNASHEKAR (Paul).
245 ## - TITLE STATEMENT
Title Reading for meaning: a course in reading skills.
260 ## - PUBLICATION, DISTRIBUTION, ETC.
Place of publication, distribution, etc. New Delhi
Name of publisher, distributor, etc. S. Chand & Co. Ltd.
Date of publication, distribution, etc. 2006
300 ## - PHYSICAL DESCRIPTION
Extent vi,164
690 ## - LOCAL SUBJECT ADDED ENTRY--TOPICAL TERM (OCLC, RLIN)
Topical term or geographic name as entry element English Usage
906 ## - LOCAL DATA ELEMENT F, LDF (RLIN)
a 061014
Holdings
Withdrawn status Lost status Damaged status Not for loan Collection code Home library Current library Shelving location Date acquired Source of acquisition Cost, normal purchase price Total Checkouts Full call number Barcode Date last seen Price effective from Koha item type
          St Aloysius Library St Aloysius Library   02/17/2021 Sita Book House Mangalore-3 45.00   428.4 TICR 061014 02/17/2021 02/17/2021 Book
          St Aloysius Library St Aloysius Library   02/17/2021 Sita Book House Mangalore-3 45.00   428.4 TICR 061015 02/17/2021 02/17/2021 Book